Hard Fighting (Record no. 352128)
[ view plain ]
| 000 -LEADER | |
|---|---|
| fixed length control field | 00532nam a2200133Ia 4500 |
| 008 - FIXED-LENGTH DATA ELEMENTS--GENERAL INFORMATION | |
| fixed length control field | 171212s9999 xx 000 0 und d |
| 020 ## - INTERNATIONAL STANDARD BOOK NUMBER | |
| International Standard Book Number | 9780833058508 |
| 100 ## - MAIN ENTRY--PERSONAL NAME | |
| Personal name | Johnson, David E. |
| 245 ## - TITLE STATEMENT | |
| Statement of responsibility, etc | Johnson, David E. |
| Title | Hard Fighting |
| Remainder of title | Israel in Lebanon and Gaza |
| 260 ## - PUBLICATION, DISTRIBUTION, ETC. (IMPRINT) | |
| Name of publisher, distributor, etc | RAND Corporation |
| Date of publication, distribution, etc | 2011 |
| 650 ## - SUBJECT ADDED ENTRY--TOPICAL TERM | |
| Topical term or geographic name as entry element | History |
| 650 ## - SUBJECT ADDED ENTRY--TOPICAL TERM | |
| Topical term or geographic name as entry element | Israel. Tseva haganah le-Yisra’el; Asymmetric warfare -- Case studies; Lebanon War, 2006; Gaza War, 2008-2009; United States -- Military policy |
| 856 ## - ELECTRONIC LOCATION AND ACCESS | |
| Uniform Resource Identifier | <a href="www.jstor.org/stable/10.7249/mg1085a-af">www.jstor.org/stable/10.7249/mg1085a-af</a> |
| Withdrawn status | Lost status | Damaged status | Home library | Current library | Date acquired | Total Checkouts | Full call number | Date last seen | Price effective from | Koha item type |
|---|---|---|---|---|---|---|---|---|---|---|
| College Library | College Library | 12/12/2017 | UA853.I8J645 2011 | 12/12/2017 | 12/12/2017 | Curriculum - Based eBooks |